Introducción a la Teoría General de la Administración/ (Registro nro. 8979)

Detalles MARC
000 -LEADER
fixed length control field 01724nam a2200205Ia 4500
005 - FECHA Y HORA DE LA ÚLTIMA TRANSACCIÓN
control field 20230829154749.0
008 - FIXED-LENGTH DATA ELEMENTS--GENERAL INFORMATION
fixed length control field 230823s9999 xx 000 0 und d
020 ## - INTERNATIONAL STANDARD BOOK NUMBER
International Standard Book Number 978-145-626-982-1
040 ## - CATALOGING SOURCE
Original cataloging agency UPAN
Transcribing agency Biblioteca San Vicente
Description conventions RCAA2
041 ## - LANGUAGE CODE
Language code of text/sound track or separate title spa
082 ## - DEWEY DECIMAL CLASSIFICATION NUMBER
Classification number 658001
Item number C53i
año de publicación 2019
100 ## - MAIN ENTRY--PERSONAL NAME
Personal name Chiavenato, Idalberto
Relator code aut.
245 #0 - TITLE STATEMENT
Title Introducción a la Teoría General de la Administración/
Statement of responsibility, etc Idalberto Chiavenato
250 ## - EDITION STATEMENT
Edition statement 10º ed.
260 ## - PUBLICATION, DISTRIBUTION, ETC. (IMPRINT)
Place of publication, distribution, etc México:
Name of publisher, distributor, etc McGraw Hill,
Date of publication, distribution, etc 2019
300 ## - PHYSICAL DESCRIPTION
Extent 386 p.;
Dimensions 26 cm.
505 ## - FORMATTED CONTENTS NOTE
Formatted contents note Parte 1: Introducción a la teoría general de la administración<br/>Cap. 1 La administración y sus perspectivas<br/>Parte II: Enfoque clásico de la administración<br/>Cap. 2 Administración científica<br/>Cap. 3 Teoría clásica de la administración<br/>Parte III Enfoque humanista de la administración <br/>Cap. 4 Teoría de las relaciones humanas<br/>Parte IV Enfoque neoclásico de la administración<br/>Cap. 5 teoría neoclásica de la administración<br/>Parte V Enfoque estructuralista de la administración<br/>Cap. 6 El modelo burocrático y la teoría estructuralista de la administración<br/>Parte VI Enfoque conductual de la administración y del desarrollo organizacional <br/>Cap. 7 Teoría conductual de la administración y teoría del desarrollo organizacional <br/>parte VII Enfoque sistémico de la administración<br/>Cap. 8 Teoría de sistemas<br/>Cap. 9 La teoría de las matemáticas y las tecnología en la administración<br/>Parte VIII Enfoque de la contingencia en la administración <br/>Cap. 10 Teoría de la contingencia<br/>Parte IX Nuevos enfoques de la administración<br/>Capitulo 11 ¿Hacia donde va la administración? <br/><br/><br/>
650 ## - SUBJECT ADDED ENTRY--TOPICAL TERM
Source of heading or term LEMB
Form subdivision Teoría
General subdivision Administración
942 ## - ADDED ENTRY ELEMENTS (KOHA)
Koha item type Libros
Source of classification or shelving scheme Dewey Decimal Classification
Existencias
Withdrawn status Lost status Source of classification or shelving scheme Damaged status Not for loan Collection code Home library Current library Date acquired Total Checkouts Full call number Barcode Date last seen Copy number Price effective from Koha item type
    Dewey Decimal Classification     Colección General Biblioteca UPAN San Vicente Biblioteca UPAN San Vicente 29/08/2023   658.001 C53i 12004109 29/08/2023 01 29/08/2023 Libros
    Dewey Decimal Classification     Colección General Biblioteca UPAN San Vicente Biblioteca UPAN San Vicente 29/08/2023   658001 C53i 12004110 29/08/2023 02 29/08/2023 Libros
    Dewey Decimal Classification     Colección General Biblioteca UPAN San Vicente Biblioteca UPAN San Vicente 29/08/2023   658.001 C53i 12004111 29/08/2023 03 29/08/2023 Libros